Atom Bomb Aman ya Tabai - ایٹم بم آمن یا تباہی - (Record no. 534320)
[ view plain ]
| 000 -LEADER | |
|---|---|
| fixed length control field | 00336nam a22001217a 4500 |
| 040 ## - CATALOGING SOURCE | |
| Transcribing agency | msohail |
| 082 ## - DEWEY DECIMAL CLASSIFICATION NUMBER | |
| Classification number | 355.825119 |
| 100 ## - MAIN ENTRY--PERSONAL NAME | |
| Personal name | Wakeel Anjum - وکیل آنجم |
| 9 (RLIN) | 28464 |
| 245 ## - TITLE STATEMENT | |
| Title | Atom Bomb Aman ya Tabai - ایٹم بم آمن یا تباہی - |
| 260 ## - PUBLICATION, DISTRIBUTION, ETC. | |
| Place of publication, distribution, etc. | Lahore |
| Name of publisher, distributor, etc. | Jhangir Books |
| Date of publication, distribution, etc. | N.D. |
| 300 ## - PHYSICAL DESCRIPTION | |
| Extent | 632;p |
| 942 ## - ADDED ENTRY ELEMENTS (KOHA) | |
| Source of classification or shelving scheme | |
| Koha item type | Book |
| Withdrawn status | Lost status | Source of classification or shelving scheme | Damaged status | Not for loan | Permanent Location | Current Location | Date acquired | Total Checkouts | Full call number | Barcode | Date last seen | Date last checked out | Price effective from | Koha item type |
|---|---|---|---|---|---|---|---|---|---|---|---|---|---|---|
| School of Civil and Environmental Engineering (SCEE) | School of Civil and Environmental Engineering (SCEE) | 02/14/2020 | 1 | 355.825119 | NIT-9758 | 02/07/2023 | 11/21/2022 | 02/14/2020 | Book |
